000 00823nam a22002057a 4500
005 20240603153848.0
010 _aHIN-127754
020 _a9789394928183
_c1000.00
035 _aHN-100100
037 _bDBAD
082 _a155.2
100 _aश्रीचंदानी, सुरेश कुमार
_967239
245 _aआत्मविकास अभ्यास/
_cसुरेश कुमार श्रीचंदानी
250 _aप्रथम
260 _aअजमेर
_bपद्म्कान्ता प्रकाशन
_c2021
270 _a403/16, ठठेरा चौक
_bअजमेर
_e305001
300 _a102पृ.
_c22सेमी.(अजिल्द)
650 _aहिन्दी
_967240
942 _2ddc
_cHN
_h155.2
_mश्रीचंद
999 _c203469
_d203469